| 000 | 00856nam a2200241Ia 4500 | ||
|---|---|---|---|
| 003 | GCL | ||
| 008 | 140319s9999 xx 000 0 ara d | ||
| 040 |
_aGCL / _cGCL |
||
| 082 | 0 | 4 |
_a157.2 _bر ع |
| 100 | 1 | _aرشاد على عبدالعزيز موسى | |
| 245 | 1 | 0 |
_aدراسات فى علم النفس المرضى / _cرشاد على عبدالعزيز موسى |
| 260 |
_aالقاهرة : _bدار عالم المعرفة ، _c1993 |
||
| 300 |
_a784 ص ؛ _c24 سم |
||
| 650 | 0 | 4 | _aالصحة النفسية |
| 650 | 0 | 4 | _aعلم النفس |
| 650 | 0 | 4 | _aالاضطرابات النفسية |
| 650 | 0 | 4 | _aالامراض النفسية |
| 650 | 0 | 4 | _aالاكتئاب النفسى |
| 650 | 0 | 4 | _aالتوتر |
| 650 | 0 | 4 | _aالاضطرابات العصبية |
| 650 | 0 | 4 | _aالاهاجى والفكاهات العربية |
| 942 |
_2ddc _cBK |
||
| 999 |
_c31442 _d31442 |
||